[Event "San Pedro del Pinatar op 6th"]
[Site "San Pedro del Pinatar"]
[Date "2015.01.31"]
[Round "4"]
[White "Martinez Minarro, Francisco Jose"]
[Black "Martinez Lopez, Antonio Javier"]
[Result "1-0"]
[WhiteElo "1885"]
[BlackElo "1707"]
[PlyCount "65"]
[EventDate "2015.01.30"]
[EventType "swiss"]
[EventRounds "7"]
[EventCountry "ESP"]
[SourceTitle "CBM 164 Extra"]
[Source "ChessBase"]
[SourceDate "2015.03.02"]
[SourceVersion "1"]
[SourceVersionDate "2015.03.02"]
[SourceQuality "1"]

1. d4 Nf6 2. Nc3 g6 3. e4 d6 4. Bc4 Bg7 5. Qe2 0-0 6. e5 Ne8 7. Bg5 Na6 8. 0-0-0 Qd7 9. Nf3 e6 10. Ne4 d5 11. Nc5 dxc4 12. Nxd7 Bxd7 13. Qxc4 f6 14. exf6 Nxf6 15. Rhe1 Nd5 16. a3 Rf5 17. Be3 b5 18. Qd3 b4 19. a4 b3 20. Qxb3 Rb8 21. Qd3 Nab4 22. Qe4 Nf6 23. Qh4 Na2+ 24. Kd2 Rh5 25. Qf4 Nd5 26. Qg3 Bxa4 27. Rb1 Nf6 28. Bg5 Rb4 29. b3 Bc6 30. Bxf6 Bxf6 31. Rxe6 Bxf3 32. Qxf3 Bxd4 33. Re8+ 1-0